Criminalidad y discurso médico-legal : Córdoba, 1916-1938 /

Guardado en:
Autor Principal: Cesano, José Daniel.
Formato: Libro
Publicado: Córdoba : Brujas, 2013.
Materias:
Etiquetas: Agregar Etiqueta
Sin Etiquetas, Sea el primero en etiquetar este registro!
LEADER 00645nam a22002055a 4500
001 EHU.bham052221
008 240731s2013##################000#0#####d
005 20240731072405.0
245 1 0 |a Criminalidad y discurso médico-legal :  |b Córdoba, 1916-1938 /  |c José Daniel Cesano. 
260 |a Córdoba :  |b Brujas,  |c 2013. 
300 |a 144 p. 
020 |a 9789875913561 
100 1 |a Cesano, José Daniel. 
082 1 2 |a 614.1 C421 
653 |a Criminalidad 
653 |a Medicina 
653 |a Imputabilidad 
651 7 |a Córdoba  |x 1916-1938  |2 Salud y criminalidad 
653 |a Criminología 
859 |a AR-BHAM  |b BIB. HUMANIDADES - General  |h 614.1  |i C421  |p 341.24  |t 1